000 00348nam a2200133Ia 4500
005 20260328104323.0
008 260328s9999||||xx |||||||||||||| ||und||
100 _aCaveri, Claudio
245 0 _aFicción y Realismo Mágico en Nuestra Arquitectura /
_cClaudio Caveri
260 _bCP67
300 _a71 p.
650 _aARQUITECTURA
942 _cBK
999 _c11407
_d11407